[Event "31st ch-BAN"]
[Site "Dhaka BAN"]
[Date "2005.02.07"]
[Round "10"]
[White "Islam,Kh"]
[Black "Rahman,Zia"]
[Result "0-1"]
[WhiteElo "2287"]
[BlackElo "2523"]
[EventDate "2005.02.25"]

1. d4 e6 2. c4 b6 3. Nf3 Bb7 4. g3 Bb4+ 5. Nbd2 Nf6 6. Bg2 O-O 7. O-O d5 8.
Qc2 Nbd7 9. Rd1 Re8 10. a3 Bf8 11. b3 c5 12. e4 h6 13. dxc5 Bxc5 14. Bb2
dxe4 15. Ne5 Nxe5 16. Bxe5 Bxf2+ 17. Kh1 Qe7 18. Bxf6 Qxf6 19. Rf1 Rad8 20.
Nxe4 Bxe4 21. Bxe4 Qe5 22. Bc6 Bd4 23. Rae1 Qd6 24. Bxe8 Rxe8 25. Qe4 a5
26. Rf3 e5 27. Rd3 Rf8 28. Rf1 Qxa3 29. Rdf3 Qd6 30. g4 Qe6 31. Rf5 a4 32.
bxa4 Qxc4 33. Qb7 Bc5 34. Qg2 f6 35. h3 Rd8 36. R5f3 Qxa4 37. Rf5 Qc4 38.
R5f3 Qe6 39. Qc2 e4 40. Rf5 e3 41. Rxf6 e2 0-1

[Event "31st ch-BAN"]
[Site "Dhaka BAN"]
[Date "2005.02.07"]
[Round "10"]
[White "Uten"]
[Black "Hasan,Me"]
[Result "0-1"]
[WhiteElo "2141"]
[BlackElo "2282"]
[EventDate "2005.02.25"]

1. d4 d5 2. e3 Nf6 3. c4 c6 4. Nc3 a6 5. Nf3 b5 6. cxd5 cxd5 7. Ne5 e6 8.
Bd3 Bd6 9. f4 b4 10. Na4 Bd7 11. O-O O-O 12. Nxd7 Nbxd7 13. b3 Ne4 14. Bxe4
dxe4 15. Bb2 Nf6 16. Rc1 Nd5 17. Qd2 f5 18. Rc6 Qd7 19. Rfc1 Rfb8 20. Kf2
Bxf4 21. Nb6 Rxb6 22. Rxb6 Bxe3+ 23. Qxe3 Nxe3 24. Kxe3 Rc8 25. Rc4 Rxc4
26. bxc4 Qc7 27. Rxb4 Qxh2 28. c5 Qg3+ 29. Ke2 Qd3+ 0-1

[Event "31st ch-BAN"]
[Site "Dhaka BAN"]
[Date "2005.02.07"]
[Round "10"]
[White "Rahman,SM"]
[Black "Abdulla,AlR"]
[Result "0-1"]
[WhiteElo "2210"]
[BlackElo "2454"]
[EventDate "2005.02.25"]

1. e4 Nc6 2. Nf3 e5 3. Bb5 Nge7 4. O-O g6 5. d3 Bg7 6. Nc3 O-O 7. a3 d6 8.
h3 Kh8 9. Bc4 h6 10. Nh2 Nd4 11. f4 exf4 12. Bxf4 Be6 13. Ng4 Kh7 14. Be3
f5 15. Nh2 Bxc4 16. dxc4 Nec6 17. Nb5 Ne6 18. exf5 gxf5 19. c3 f4 20. Bf2
Ne5 21. Nd4 Qd7 22. Nhf3 Rae8 23. Re1 Kh8 24. Nxe5 Bxe5 25. Nxe6 Qxe6 26.
Qd5 Qg6 27. Kh1 f3 28. g4 Qc2 29. Kg1 Bh2+ 30. Kf1 Re2 31. Bd4+ Kh7 32.
Rec1 Re1+ 0-1

[Event "31st ch-BAN"]
[Site "Dhaka BAN"]
[Date "2005.02.07"]
[Round "10"]
[White "Murshed,N"]
[Black "Hossain,Enam"]
[Result "0-1"]
[WhiteElo "2479"]
[BlackElo "2434"]
[EventDate "2005.02.25"]

1. c4 e5 2. g3 Nf6 3. Bg2 Bc5 4. Nc3 Nc6 5. a3 a5 6. e3 d6 7. Nge2 O-O 8.
h3 Ba7 9. O-O Bf5 10. d3 h6 11. b3 Re8 12. Bb2 Be6 13. Kh2 d5 14. Nb5 Bb8
15. f4 Bg4 16. hxg4 Nxg4+ 17. Kh1 Nxe3 18. Qd2 Nxf1 19. Rxf1 dxc4 20. bxc4
Qc8 21. f5 f6 22. Bd5+ Kh8 23. Kg2 Nd8 24. Rh1 Qxf5 25. Rxh6+ gxh6 26.
Qxh6+ Qh7 27. Qxf6+ Qg7 28. Qh4+ Qh7 29. Bxe5+ Rxe5 30. Qxd8+ Kg7 31. Nf4
c6 32. Qd7+ Kh6 33. Qh3+ Kg7 34. Qd7+ Kh6 35. Qh3+ Kg7 36. Qg4+ Kf6 37. Nc3
Qg7 38. Qh4+ Qg5 39. Qh8+ Ke7 40. Qh7+ Kd8 41. Qxb7 Re3 42. Qb6+ Bc7 43.
Qxe3 Bxf4 44. Qf3 cxd5 45. Nxd5 Bd6 46. Nf4 Bxf4 47. Qxa8+ Kd7 48. Qf3 Bd6
49. a4 Kc7 50. Qf2 Qe5 51. Qa7+ Kc6 52. Qa6+ Kc7 53. Qa7+ Kd8 54. Qa8+ Ke7
55. Qb7+ Bc7 56. Qf3 Kd6 57. Qf2 Ke6 58. d4 Qe4+ 59. Kh2 Qh7+ 60. Kg2 Qe4+
61. Kh2 Qh7+ 62. Kg2 Qd3 63. d5+ Ke7 64. Qc5+ Bd6 65. Qa7+ Kf6 66. Qf2+ Kg7
67. Qe1 Qxc4 68. Qxa5 Qe2+ 69. Kg1 Qe3+ 70. Kf1 Bxg3 71. Kg2 Qf2+ 72. Kh3
Be5 0-1

[Event "31st ch-BAN"]
[Site "Dhaka BAN"]
[Date "2005.02.07"]
[Round "10"]
[White "Ahmed,Mai"]
[Black "Reefat,S"]
[Result "0-1"]
[WhiteElo "2143"]
[BlackElo "2462"]
[EventDate "2005.02.25"]

1. d4 d5 2. c4 c6 3. Nc3 Nf6 4. cxd5 cxd5 5. Bf4 Nc6 6. e3 e6 7. Bd3 Bd6 8.
Bxd6 Qxd6 9. Nf3 O-O 10. O-O Bd7 11. Rc1 Rfc8 12. a3 Na5 13. Ne5 a6 14. f4
b5 15. g4 Nc4 16. Qe2 Be8 17. g5 Nd7 18. Rf3 g6 19. h4 b4 20. axb4 Ndxe5
21. fxe5 Qxb4 22. Bxc4 Rxc4 23. h5 Rb8 24. hxg6 hxg6 25. Rc2 a5 26. Rh3 Kf8
27. Rh8+ Ke7 28. Ne4 Rbc8 29. Rxc4 Rxc4 30. Rxe8+ Kxe8 31. Nd6+ Kf8 32.
Nxc4 dxc4 33. Kf2 a4 34. d5 exd5 35. e6 fxe6 36. Qf3+ Ke8 37. Qh3 Qxb2+ 38.
Kf3 Kf7 39. Qg3 e5 40. Kg4 Qe2+ 41. Kh3 Ke6 0-1

[Event "31st ch-BAN"]
[Site "Dhaka BAN"]
[Date "2005.02.08"]
[Round "11"]
[White "Reefat,S"]
[Black "Islam,Kh"]
[Result "1/2-1/2"]
[WhiteElo "2462"]
[BlackElo "2287"]
[EventDate "2005.02.25"]

1. e4 e5 2. Nf3 Nc6 3. Bb5 a6 4. Bxc6 dxc6 5. Nc3 Qf6 6. d4 exd4 7. Qxd4
Qxd4 8. Nxd4 Bd7 9. Bf4 O-O-O 10. O-O-O Ne7 11. Rd2 Ng6 12. Bg3 h5 13. h3
Bb4 14. f4 Rhe8 15. Re1 f6 16. Nf3 Ne7 17. Bf2 Ng6 18. Bg3 Ne7 19. Bf2 Ng6
20. Bg3 Re7 1/2-1/2

[Event "31st ch-BAN"]
[Site "Dhaka BAN"]
[Date "2005.02.08"]
[Round "11"]
[White "Hossain,Enam"]
[Black "Ahmed,Mai"]
[Result "1/2-1/2"]
[WhiteElo "2434"]
[BlackElo "2143"]
[EventDate "2005.02.25"]

1. e4 e5 2. Nf3 Nf6 3. Nxe5 d6 4. Nf3 Nxe4 5. Nc3 d5 6. Qe2 Be7 7. Nxe4
dxe4 8. Qxe4 Nc6 9. Bb5 Bd7 10. Ne5 Nxe5 11. Qxe5 c6 12. Bc4 O-O 13. O-O b5
14. Bb3 Re8 15. d4 a5 16. Qh5 Rf8 17. a4 g6 18. Qf3 Bd6 19. Bf4 Qf6 20.
Bxd6 Qxd6 21. c3 Be6 22. Bxe6 fxe6 23. Qe2 b4 24. Rae1 bxc3 25. bxc3 Rfe8
26. Qe5 Qa3 27. h4 Qxa4 28. Qf6 Qc4 29. h5 Rf8 30. Qxe6+ Qxe6 31. Rxe6 gxh5
32. Rxc6 a4 33. Rb6 Rfc8 34. Rc1 a3 35. Rb3 a2 36. Ra1 Kf7 37. Kf1 h4 38.
Ke2 Rg8 39. Rb2 Rxg2 40. Raxa2 Re8+ 41. Kf3 h3 42. Rb5 Rc8 43. Ra3 Kg6 44.
Ra6+ Kg7 45. Rb7+ Kg8 46. Raa7 h6 47. Ra6 h5 48. Ra5 h4 49. Rh5 Rxc3+ 50.
Ke4 Rg4+ 51. Kf5 h2 52. Rb8+ Kg7 53. Rb7+ Kg8 54. Rb8+ Kg7 55. Rb7+ Kg8 56.
Rb8+ Kg7 1/2-1/2

[Event "31st ch-BAN"]
[Site "Dhaka BAN"]
[Date "2005.02.08"]
[Round "11"]
[White "Abdulla,AlR"]
[Black "Murshed,N"]
[Result "0-1"]
[WhiteElo "2454"]
[BlackElo "2479"]
[EventDate "2005.02.25"]

1. d4 Nf6 2. c4 e6 3. Bg5 h6 4. Bh4 c5 5. d5 exd5 6. cxd5 d6 7. Nc3 Be7 8.
Bg3 O-O 9. e3 Bf5 10. Bd3 Bxd3 11. Qxd3 Na6 12. Nge2 Nb4 13. Qd2 Nh5 14.
O-O Bf6 15. Ne4 Re8 16. f3 Be5 17. a3 Na6 18. Bxe5 Rxe5 19. N2c3 f5 20. Nf2
c4 21. g4 Nc5 22. gxh5 Nb3 23. Qe2 Qg5+ 24. Ng4 Re7 25. Rad1 fxg4 26. f4
Qxh5 27. e4 Nc5 28. e5 Nd3 29. e6 Qh3 30. f5 g3 31. hxg3 Qxg3+ 32. Qg2 Qe3+
33. Kh1 Kh8 34. Rf3 Qe5 35. Rdf1 Ne1 36. Qg3 Nxf3 37. Rxf3 Qxg3 38. Rxg3
Rf8 39. Rf3 Rc7 40. Ne4 Rd8 41. Rc3 b5 42. b4 Kg8 43. Kg2 Kf8 44. Kf3 Ke7
45. Kf4 Rf8 46. Rg3 g5+ 47. Kg4 h5+ 48. Kxg5 c3 49. Rxc3 Rxc3 50. Nxc3 h4
51. Ne4 h3 52. Ng3 h2 0-1

[Event "31st ch-BAN"]
[Site "Dhaka BAN"]
[Date "2005.02.08"]
[Round "11"]
[White "Abu Sufian,S"]
[Black "Rahman,SM"]
[Result "0-1"]
[WhiteElo "2270"]
[BlackElo "2210"]
[EventDate "2005.02.25"]

1. e4 c5 2. Nf3 d6 3. d4 cxd4 4. Nxd4 Nf6 5. Nc3 e5 6. Nb3 Be7 7. Be3 Nc6
8. f3 O-O 9. Qd2 a6 10. g4 Be6 11. O-O-O b5 12. Nd5 Ne8 13. g5 f5 14. gxf6
Bxf6 15. Rg1 Kh8 16. Kb1 Rc8 17. Be2 Bxd5 18. exd5 Ne7 19. f4 Nf5 20. Bd3
Ne7 21. Qg2 Rc4 22. Bxc4 bxc4 23. Nc1 exf4 24. Bd4 Nf5 25. Bxf6 Qxf6 26.
Qe4 Ne3 27. Rd4 Nc7 28. a4 Qf7 29. Rxc4 Nxc4 30. Qxc4 Nxd5 31. Rd1 f3 32.
Nd3 h6 33. Nf2 Ne3 34. Qxf7 Rxf7 35. Rxd6 h5 36. h3 g5 37. Rh6+ Rh7 38. Rg6
g4 39. b4 Rg7 40. Rh6+ Kg8 41. hxg4 hxg4 42. Rf6 Rf7 43. Rg6+ Kh7 44. Rg5
Rg7 45. Rxg7+ Kxg7 46. Ne4 Nf5 47. b5 axb5 48. a5 g3 0-1

[Event "31st ch-BAN"]
[Site "Dhaka BAN"]
[Date "2005.02.08"]
[Round "11"]
[White "Hasan,Me"]
[Black "Islam,AP"]
[Result "1/2-1/2"]
[WhiteElo "2282"]
[BlackElo "2198"]
[EventDate "2005.02.25"]

1. e4 e5 2. Nf3 d6 3. Nc3 Nf6 4. Bc4 Be7 5. d4 Nbd7 6. O-O O-O 7. Re1 c6 8.
a4 a5 9. h3 Qc7 10. Bg5 Re8 11. dxe5 dxe5 12. Qe2 Nc5 13. Rad1 Be6 14. Be3
h6 15. Nd2 Rad8 16. Kh1 Bf8 17. g4 Nfd7 18. g5 Bxc4 19. Nxc4 hxg5 20. Bxg5
f6 21. Bc1 Ne6 22. Ne3 Ndc5 23. Rxd8 Rxd8 24. Rg1 Nd4 25. Qg4 Qd7 26. Qg3
Qe6 27. Ng4 Kf7 28. Ne3 Kg8 29. b3 Rd7 30. f3 g5 31. Rg2 Rh7 32. Ng4 Kf7
33. Nd1 Bd6 34. Nde3 b5 35. axb5 cxb5 36. Nd5 Nd7 37. Rh2 a4 38. b4 Rh4 39.
c3 Nc6 40. Nge3 Ne7 41. Nxe7 Bxe7 42. Nf5 Rh7 43. h4 Qc4 44. Qe1 gxh4 45.
Qd1 Ke6 46. Ne3 Qc6 47. Qg1 Kf7 48. Qg4 Nf8 49. Qf5 Qe6 50. Qxe6+ Kxe6 51.
Nf5 Ng6 52. Rg2 Nf4 53. Bxf4 exf4 54. Nd4+ Ke5 55. Nxb5 Rh8 56. Rd2 Rb8 57.
Rd5+ Ke6 58. Nd4+ Kf7 59. Nc6 Rc8 60. b5 Ra8 61. Rd7 a3 62. Rd1 Bc5 63. Nb4
a2 64. Ra1 Bxb4 65. cxb4 Ra3 66. b6 Rb3 67. Rxa2 Rxb4 68. Ra7+ Kg6 1/2-1/2

[Event "31st ch-BAN"]
[Site "Dhaka BAN"]
[Date "2005.02.08"]
[Round "11"]
[White "Haque,R1"]
[Black "Uten"]
[Result "1-0"]
[WhiteElo "2175"]
[BlackElo "2141"]
[EventDate "2005.02.25"]

1. Nf3 d5 2. d3 Nf6 3. Bg5 Nbd7 4. Nbd2 c6 5. c3 e6 6. e4 Qb6 7. Qc2 Bd6 8.
Be2 Qc7 9. O-O O-O 10. Rfe1 Bf4 11. Bh4 Ng4 12. Nf1 f5 13. h3 fxe4 14. dxe4
Nge5 15. b4 Nxf3+ 16. Bxf3 Ne5 17. Be2 Bd7 18. c4 g5 19. Bg3 Bxg3 20. Nxg3
dxc4 21. Bxc4 Qb6 22. Bb3 Qxb4 23. Red1 Rf7 24. Rxd7 Nxd7 25. Bxe6 Nc5 26.
Bxf7+ Kxf7 27. Rb1 Qa3 28. e5 Kg8 29. Nh5 Qd3 30. Nf6+ Kg7 31. Rxb7+ Kg6
32. Qxc5 1-0

[Event "31st ch-BAN"]
[Site "Dhaka BAN"]
[Date "2005.02.08"]
[Round "11"]
[White "Rahman,Zia"]
[Black "Hasan Md,E"]
[Result "1-0"]
[WhiteElo "2523"]
[BlackElo "2121"]
[EventDate "2005.02.25"]

1. Nf3 d5 2. d4 Nf6 3. c4 c6 4. e3 e6 5. Bd3 g6 6. O-O Bg7 7. Nc3 O-O 8.
Bd2 a6 9. Rc1 b5 10. cxd5 cxd5 11. b4 Bb7 12. a4 bxa4 13. Qxa4 Nbd7 14. Rc2
Ne4 15. Rfc1 e5 16. Bf1 Nd6 17. Nxe5 Nxe5 18. dxe5 Bxe5 19. Ne2 Ne4 20. Be1
Qb6 21. Nd4 Qd6 22. Nf3 Bg7 23. Rc7 Rfc8 24. Rxc8+ Rxc8 25. Rxc8+ Bxc8 26.
Qe8+ Qf8 27. Qc6 Qd8 28. Bxa6 Bg4 29. b5 Bxf3 30. gxf3 Ng5 31. Kg2 Ne6 32.
Qc8 Be5 33. b6 Qxc8 34. Bxc8 Kf8 35. f4 Bb8 36. Bxe6 fxe6 37. Bc3 Ke8 38.
Kg3 Kd7 39. Kg4 h6 40. h4 Kc6 41. Bd4 Bd6 42. h5 gxh5+ 43. Kxh5 Bf8 44. Kg6
Kd7 45. f5 exf5 46. Kxf5 Kc6 47. Kg6 Kd7 48. f4 1-0

[Event "31st ch-BAN"]
[Site "Dhaka BAN"]
[Date "2005.02.09"]
[Round "12"]
[White "Islam,Kh"]
[Black "Hasan Md,E"]
[Result "1-0"]
[WhiteElo "2287"]
[BlackElo "2121"]
[EventDate "2005.02.25"]

1. d4 Nf6 2. Nf3 g6 3. c4 Bg7 4. Nc3 O-O 5. e4 d6 6. Be2 e5 7. O-O Nc6 8.
d5 Ne7 9. Ne1 c5 10. Nd3 Nd7 11. b4 cxb4 12. Nxb4 Nc5 13. Nd3 b6 14. Nxc5
bxc5 15. Rb1 f5 16. Bd2 f4 17. Bg4 h5 18. Bxc8 Qxc8 19. f3 h4 20. h3 Qa6
21. Qa4 Qxa4 22. Nxa4 Nc8 23. Ba5 Nb6 24. Nxb6 axb6 25. Bxb6 Rxa2 26. Bc7
Ra6 27. Ra1 Rfa8 28. Rxa6 Rxa6 29. Bd8 Bh6 30. Bxh4 g5 31. Bf2 Ra4 32. Rc1
Bf8 33. h4 Be7 34. hxg5 Bxg5 35. Rc2 Ra1+ 36. Kh2 Kf7 37. Rb2 Rc1 38. Rb7+
Ke8 39. Kh3 Be7 40. Rb8+ Kf7 41. g4 fxg3 42. Bxg3 Rxc4 43. Rb7 Ke8 44. Kg4
Rc1 45. f4 exf4 46. Bxf4 Re1 47. Kf5 Re2 48. e5 dxe5 49. Bxe5 Rg2 50. d6
Bd8 51. Rh7 Ba5 52. Ke6 Rg6+ 53. Bf6 Kf8 54. Rc7 Rxf6+ 55. Kxf6 Ke8 56. Ke6
Kd8 57. Ra7 1-0

[Event "31st ch-BAN"]
[Site "Dhaka BAN"]
[Date "2005.02.09"]
[Round "12"]
[White "Uten"]
[Black "Rahman,Zia"]
[Result "0-1"]
[WhiteElo "2141"]
[BlackElo "2523"]
[EventDate "2005.02.25"]

1. Nf3 g6 2. d4 Bg7 3. e4 d6 4. Bd3 Nc6 5. c3 Nf6 6. O-O O-O 7. Bg5 h6 8.
Bf4 e5 9. Bd2 Bg4 10. d5 Ne7 11. h3 Bd7 12. Nh2 Nh5 13. Qc1 g5 14. h4 Nf4
15. Bxf4 exf4 16. hxg5 hxg5 17. g4 Ng6 18. f3 Ne5 19. Be2 Bf6 20. Na3 Kg7
21. Rf2 Rh8 22. Bf1 Rh4 23. Qd1 a6 24. Rc1 Qb8 25. c4 Qa7 26. Rcc2 Rah8 27.
Kh1 Qe3 28. Qe2 Ng6 29. Qd1 Bd4 30. Bh3 Rxh3 31. Rf1 Bxg4 32. Rcf2 Rxf3 0-1

[Event "31st ch-BAN"]
[Site "Dhaka BAN"]
[Date "2005.02.09"]
[Round "12"]
[White "Islam,AP"]
[Black "Haque,R1"]
[Result "1/2-1/2"]
[WhiteElo "2198"]
[BlackElo "2175"]
[EventDate "2005.02.25"]

1. d4 d6 2. Nc3 Nf6 3. g3 c6 4. Bg2 Nbd7 5. e4 e5 6. Nge2 Be7 7. O-O O-O 8.
h3 Re8 9. Be3 Bf8 10. Re1 b5 11. dxe5 dxe5 12. Qd2 Nc5 13. Qxd8 Rxd8 14. f3
b4 15. Nd1 Ba6 16. Bf1 Rd7 17. Nf2 Rad8 18. Rad1 Na4 19. Rxd7 Rxd7 20. Nd1
Bc5 21. Bxc5 Nxc5 22. b3 Rd2 23. Ne3 Ne6 24. g4 g6 25. Ng3 Nd4 26. Bxa6
Nxf3+ 27. Kf1 Nh2+ 1/2-1/2

[Event "31st ch-BAN"]
[Site "Dhaka BAN"]
[Date "2005.02.09"]
[Round "12"]
[White "Rahman,SM"]
[Black "Hasan,Me"]
[Result "0-1"]
[WhiteElo "2210"]
[BlackElo "2282"]
[EventDate "2005.02.25"]

1. e4 c5 2. Nf3 e6 3. d4 cxd4 4. Nxd4 Nc6 5. Nc3 Qc7 6. g3 a6 7. Bg2 Nf6 8.
Nb3 b5 9. a3 Bb7 10. O-O Ne5 11. f4 Nc4 12. Qe2 d6 13. g4 Be7 14. g5 Nd7
15. f5 e5 16. a4 b4 17. Nd5 Bxd5 18. exd5 a5 19. Re1 O-O 20. Kh1 Rfe8 21.
Be4 f6 22. g6 h6 23. Bxh6 gxh6 24. g7 Nf8 25. gxf8=Q+ Bxf8 26. Rg1+ Kh8 27.
Rg6 Bg7 28. Rag1 Re7 29. c3 Rb8 30. Nc1 bxc3 31. bxc3 Nb6 32. Qc2 Rc8 33.
R1g3 Nd7 34. Ne2 Nc5 35. Bg2 Qd7 36. R3g4 e4 37. Nd4 Qxa4 38. Qxa4 Nxa4 39.
Ne6 Rg8 40. c4 e3 41. Re4 Rb8 42. Bf3 Rb1+ 43. Rg1 Rb4 44. Rc1 h5 45. c5
Rxe4 46. cxd6 Rd7 47. Bxe4 e2 48. Kg2 Nc3 49. Nxg7 Nd1 50. Nxh5 e1=Q 51.
Rc8+ Kh7 52. Nxf6+ Kh6 53. Nxd7 Qxe4+ 54. Kg3 0-1

[Event "31st ch-BAN"]
[Site "Dhaka BAN"]
[Date "2005.02.09"]
[Round "12"]
[White "Murshed,N"]
[Black "Abu Sufian,S"]
[Result "0-1"]
[WhiteElo "2479"]
[BlackElo "2270"]
[EventDate "2005.02.25"]

1. d4 d5 2. c4 c6 3. Nc3 Nf6 4. e3 a6 5. Be2 b5 6. b3 Bf5 7. g4 Bg6 8. h4
h6 9. Nh3 e6 10. Nf4 Bh7 11. Bd2 Bd6 12. c5 Bc7 13. Nd3 Nxg4 14. a4 bxa4
15. Rxa4 Nh2 16. Ne5 Qxh4 17. Ng4 g5 18. Rb4 Bf5 19. Rb7 Bxg4 20. Rxc7 Bxe2
21. Qxe2 Nd7 22. Kd1 Qg4 0-1

[Event "31st ch-BAN"]
[Site "Dhaka BAN"]
[Date "2005.02.09"]
[Round "12"]
[White "Ahmed,Mai"]
[Black "Abdulla,AlR"]
[Result "0-1"]
[WhiteElo "2143"]
[BlackElo "2454"]
[EventDate "2005.02.25"]

1. d4 Nc6 2. Nf3 d6 3. Bg5 Nf6 4. e3 g6 5. Nbd2 Bg7 6. c3 O-O 7. Bd3 Qe8 8.
Qc2 Rb8 9. O-O e5 10. h3 h6 11. Bh4 Nh5 12. Nh2 g5 13. Be2 f5 14. g4 Nf6
15. dxe5 dxe5 16. Bg3 f4 17. exf4 exf4 18. Rae1 fxg3 19. Bc4+ Kh8 20. Rxe8
gxh2+ 21. Kxh2 Nxe8 22. f4 gxf4 23. g5 Bf5 24. Qd1 Rd8 25. gxh6 Be5 26. Qe1
Nd6 27. Bd5 Rde8 28. Nf3 Bf6 29. Qd2 Ne7 30. Bb3 Ng6 31. Nd4 Ne4 32. Qd1
Bc8 33. Bc2 Nh4 34. Re1 Ng5 35. Rxe8 Rxe8 36. Qh5 Re3 37. Kg1 c5 38. Nb5 f3
39. Nd6 Re1+ 40. Kf2 Re2+ 41. Kg3 Rg2+ 42. Kf4 Nxh3+ 43. Ke4 Re2+ 0-1

[Event "31st ch-BAN"]
[Site "Dhaka BAN"]
[Date "2005.02.09"]
[Round "12"]
[White "Reefat,S"]
[Black "Hossain,Enam"]
[Result "1-0"]
[WhiteElo "2462"]
[BlackElo "2434"]
[EventDate "2005.02.25"]

1. e4 c5 2. Nc3 Nc6 3. Bb5 g6 4. Bxc6 bxc6 5. d3 Bg7 6. f4 d6 7. Nf3 Nh6 8.
O-O Rb8 9. Qe1 e6 10. Kh1 O-O 11. b3 f5 12. e5 Nf7 13. exd6 Qxd6 14. Bd2
Rb4 15. Qg3 Bd7 16. Rae1 Rfb8 17. Nd1 Bh6 18. Ne5 Nxe5 19. fxe5 Qf8 20.
Bxh6 Qxh6 21. c4 Rd8 22. Qe3 Qxe3 23. Rxe3 Be8 24. Nb2 g5 25. Rg3 g4 26.
Na4 Kf8 27. Rxg4 Rxd3 28. Nxc5 Rd2 29. a3 Rb8 30. Rd4 Rxd4 31. Nxe6+ Kg8
32. Nxd4 c5 33. Nxf5 Rxb3 34. e6 Rb6 35. Re1 Bg6 36. e7 Be8 37. g4 Kf7 38.
Kg2 Bd7 39. Kg3 Rf6 40. Kf4 Ke8 41. Rb1 Bxf5 42. gxf5 Kxe7 43. Rb7+ Kf8 44.
Rxa7 Rh6 45. Ke5 Rxh2 46. Ke6 1-0

[Event "31st ch-BAN"]
[Site "Dhaka BAN"]
[Date "2005.02.10"]
[Round "9"]
[White "Abu Sufian,S"]
[Black "Uten"]
[Result "1-0"]
[WhiteElo "2270"]
[BlackElo "2141"]
[EventDate "2005.02.25"]

1. e4 g6 2. d4 Bg7 3. Nc3 d6 4. Be3 Nf6 5. Qd2 Ng4 6. Bg5 h6 7. Bh4 c6 8.
h3 Nf6 9. f4 Qa5 10. Nf3 b5 11. Bd3 b4 12. Ne2 Qb6 13. Bf2 a5 14. c4 O-O
15. e5 Ne8 16. g4 Qc7 17. Qe3 e6 18. f5 f6 19. exd6 Qxd6 20. Bg3 Qd7 21.
fxg6 Na6 22. Rd1 Bb7 23. O-O Nec7 24. Bf4 Rae8 25. Bxh6 Bxh6 26. Qxh6 Qg7
27. Qxg7+ Kxg7 28. Ng3 c5 29. Nh5+ Kh6 30. Nxf6 Bxf3 31. Nxe8 Nxe8 32. dxc5
Nxc5 33. Bb1 e5 34. Rd5 Bxd5 35. Rxf8 Bc6 36. Bf5 Nd6 37. Rh8+ Kg7 38. Rh7+
Kf8 39. Rc7 Be4 40. Rxc5 Nxf5 41. gxf5 1-0

[Event "31st ch-BAN"]
[Site "Dhaka BAN"]
[Date "2005.02.10"]
[Round "13"]
[White "Hossain,Enam"]
[Black "Islam,Kh"]
[Result "1/2-1/2"]
[WhiteElo "2434"]
[BlackElo "2287"]
[EventDate "2005.02.25"]

1. e4 e5 2. Nf3 Nc6 3. Bb5 Nf6 4. O-O Nxe4 5. Re1 Nd6 6. Nxe5 Be7 7. Bd3
Nxe5 8. Rxe5 O-O 9. Nc3 Re8 10. Re3 Bg5 11. Rh3 g6 12. b3 b6 13. Qf1 Bb7
14. f4 Bf6 15. Bb2 Ne4 16. Nxe4 1/2-1/2

[Event "31st ch-BAN"]
[Site "Dhaka BAN"]
[Date "2005.02.10"]
[Round "13"]
[White "Abdulla,AlR"]
[Black "Reefat,S"]
[Result "1/2-1/2"]
[WhiteElo "2454"]
[BlackElo "2462"]
[EventDate "2005.02.25"]

1. d4 e6 2. Nf3 c5 3. e3 Nf6 4. Bd3 b6 5. O-O Bb7 6. b3 d6 7. Bb2 Be7 8.
Nbd2 O-O 9. Qe2 Nbd7 10. Rad1 g6 11. c4 Re8 12. dxc5 bxc5 13. Ng5 h6 14.
Nh3 d5 15. Nf4 Bd6 16. Nh3 Be5 17. Bc1 Ne4 18. Nb1 Qc7 19. f4 Bg7 20. Bxe4
dxe4 21. Bb2 f5 22. Bxg7 Kxg7 23. Nc3 Bc6 24. Qb2 Kf7 25. Rd2 Red8 26. Rfd1
Nf6 27. Nf2 Rxd2 28. Qxd2 Ke7 29. Qb2 Rd8 30. b4 Rxd1+ 31. Nfxd1 Qd6 32. b5
Be8 33. Qa3 Qd2 34. Qxa7+ Bd7 35. Qxc5+ Kf7 36. h3 1/2-1/2

[Event "31st ch-BAN"]
[Site "Dhaka BAN"]
[Date "2005.02.10"]
[Round "13"]
[White "Abu Sufian,S"]
[Black "Ahmed,Mai"]
[Result "1/2-1/2"]
[WhiteElo "2270"]
[BlackElo "2143"]
[EventDate "2005.02.25"]

1. d4 Nf6 2. Nf3 e6 3. g3 d5 4. Bg2 c5 5. dxc5 Bxc5 6. O-O Nc6 7. c4 O-O 8.
cxd5 exd5 9. e3 Bf5 10. a3 a5 11. Nc3 Qd7 12. Re1 Rfd8 13. Nb5 Rac8 14. Bd2
Ne4 15. Bc3 Nxc3 16. bxc3 Be4 17. a4 Be7 18. Qb3 Bf6 19. Nbd4 h5 20. Re2
Nxd4 21. Nxd4 Bxd4 22. cxd4 h4 23. f3 Bf5 24. Qb6 hxg3 25. hxg3 Rc6 26.
Qxa5 Ra6 27. Qb4 Rda8 28. Rb2 Qe6 29. Kf2 Bh3 30. Ra3 Bxg2 31. Kxg2 b6 32.
Qb5 g6 33. Rc3 Rxa4 34. Qxb6 Ra2 35. Qb3 Ra1 36. Re2 Rh1 37. g4 Raa1 38.
Qb8+ Kh7 39. Qe5 Qa6 40. Rcc2 Rac1 41. Kg3 Rhg1+ 42. Kf4 g5+ 43. Qxg5 Qd6+
44. Qe5 Qh6+ 45. Qg5 Qd6+ 46. Qe5 Qh6+ 47. Qg5 Qd6+ 48. Qe5 1/2-1/2

[Event "31st ch-BAN"]
[Site "Dhaka BAN"]
[Date "2005.02.10"]
[Round "13"]
[White "Haque,R1"]
[Black "Rahman,SM"]
[Result "1-0"]
[WhiteElo "2175"]
[BlackElo "2210"]
[EventDate "2005.02.25"]

1. Nf3 d5 2. d3 Bg4 3. Nbd2 Nd7 4. e4 c6 5. Be2 e6 6. O-O Qc7 7. Re1 Rd8 8.
c3 Be7 9. exd5 cxd5 10. Qa4 Bxf3 11. Nxf3 a6 12. Bf4 Qb6 13. b4 Ngf6 14.
Rab1 O-O 15. c4 Ra8 16. c5 Qd8 17. d4 Ne4 18. Qb3 g5 19. Bc1 f5 20. Nd2 Bf6
21. Nxe4 fxe4 22. Be3 Kh8 23. a4 Qc7 24. Rec1 Rfd8 25. b5 axb5 26. axb5 e5
27. Qxd5 exd4 28. Bxd4 Ne5 29. Bxe5 Bxe5 30. Qxe4 Bxh2+ 31. Kh1 Re8 32. Qc4
Bf4 33. Rc2 Ra3 34. g3 Bxg3 35. fxg3 Qxg3 36. Qd4+ Re5 37. Qg4 Qf2 38. Rd1
Qe3 39. Rcd2 Ra8 40. Rd7 Re4 41. Qf3 Rh4+ 42. Kg2 Qe5 1-0

[Event "31st ch-BAN"]
[Site "Dhaka BAN"]
[Date "2005.02.10"]
[Round "13"]
[White "Rahman,Zia"]
[Black "Islam,AP"]
[Result "1-0"]
[WhiteElo "2523"]
[BlackElo "2198"]
[EventDate "2005.02.25"]

1. Nf3 g6 2. d4 c5 3. c4 Bg7 4. e4 Nc6 5. dxc5 Qa5+ 6. Nfd2 Nf6 7. Nc3 Qxc5
8. Nb3 Qb6 9. Be2 d6 10. O-O O-O 11. Be3 Qd8 12. Qd2 Re8 13. Rac1 b6 14. f4
Bg4 15. Bd3 Bc8 16. h3 Bb7 17. Qf2 Rc8 18. Bb1 Qc7 19. Nd2 Nd8 20. b4 Nd7
21. a3 Qb8 22. Rfe1 Qa8 23. Bd3 Ne6 24. Nd5 Bb2 25. Rb1 Bg7 26. Nf3 Nd8 27.
Qh4 Bxd5 28. exd5 b5 29. f5 bxc4 30. fxg6 hxg6 31. Bxc4 Qb7 32. Bb3 Qa6 33.
a4 Nf8 34. Nd4 e5 35. Nc6 Qb7 36. b5 Ra8 37. Bg5 Nxc6 38. dxc6 Qb6+ 39. Be3
Qc7 40. Rf1 Ne6 41. Rf2 f5 42. Bd5 f4 43. Qg4 Qf7 44. Bxf4 exf4 45. Rxf4
Nxf4 46. Bxf7+ Kxf7 47. Qxf4+ Bf6 48. Rf1 Re6 49. Qh6 1-0

[Event "31st ch-BAN"]
[Site "Dhaka BAN"]
[Date "2005.02.10"]
[Round "13"]
[White "Hasan Md,E"]
[Black "Uten"]
[Result "1-0"]
[WhiteElo "2121"]
[BlackElo "2141"]
[EventDate "2005.02.25"]

1. e4 c5 2. Nf3 e6 3. d4 cxd4 4. Nxd4 Qb6 5. Nb3 Nf6 6. Nc3 Bb4 7. Bd3 Qc6
8. O-O Bxc3 9. bxc3 Nxe4 10. Qg4 Nf6 11. Qh4 b6 12. Nd4 Qd5 13. Nb5 Na6 14.
Ba3 e5 15. Nd6+ Kd8 16. Be4 Qe6 17. Bxa8 Nc5 18. Bxc5 bxc5 19. Rad1 Ba6 20.
Rfe1 Kc7 21. Qa4 Rxa8 22. Qa5+ 1-0